Catálogo

Vista normal Vista MARC

Entrada Personal Name

Número de registros utilizados en: 2

001 - CONTROL NUMBER

  • control field: 12791

003 - CONTROL NUMBER IDENTIFIER

  • control field: DLC

005 - DATE AND TIME OF LATEST TRANSACTION

  • control field: 20220617093524.0

008 - FIXED-LENGTH DATA ELEMENTS

  • fixed length control field: 790628n| azannaabn |n aaa

010 ## - LIBRARY OF CONGRESS CONTROL NUMBER

  • LC control number: n 79055781

035 ## - SYSTEM CONTROL NUMBER

  • System control number: (OCoLC)oca00288888

040 ## - CATALOGING SOURCE

  • Original cataloging agency: DLC
  • Language of cataloging: spa
  • Description conventions: rda
  • Transcribing agency: Mx-PuUPA
  • Modifying agency: OCoLC
  • Modifying agency: DLC
  • Modifying agency: Mx-PuUPA

100 1# - HEADING--PERSONAL NAME

  • Personal name: Luthans, Fred,

373 ## - ASSOCIATED GROUP

  • Associated group: Universidad de George Holmes
  • Associated group: Universidad de Nebraska – Lincoln

374 ## - OCCUPATION

  • Occupation: Autor
  • Occupation: Educador
  • Occupation: Profesor

375 ## - GENDER

  • Gender: hombre

377 ## - ASSOCIATED LANGUAGE

  • Language code: eng

670 ## - SOURCE DATA FOUND

  • Source citation: Wortman, M. S. Emerging concepts in management, 1969.

670 ## - SOURCE DATA FOUND

  • Source citation: Information from 678 converted Dec. 17, 2014
  • Information found: (Univ. of Nebraska; b. June 28, 1939.)